Analýza dopytu po finančných službách v závislosti od príjmu domácností

Analýza hraničného sklonu k spotrebe finančných služieb. Vplyv zmeny príjmu prednostu domácnosti na výdavky spojené s finančnými službami. Implementovanie poznatkov o Engelovej výdavkovej krivke a určenie vývoja podielu výdavkov na finančné služby na celkových výdavkoch prednostu domácnosti.

Gespeichert in:
Bibliographische Detailangaben
1. Verfasser: Budayová, Jana
Weitere Verfasser: Bolek, Vladimír, 1988-, Šupšák, Rastislav, 1988-
Format: Buchkapitel
Sprache:Slowakisch
Schlagworte:
Tags: Tag hinzufügen
Keine Tags, Fügen Sie das erste Tag hinzu!

MARC

LEADER 00000nla a2200000 4500
001 0180409
005 20240610091554.1
041 0 |a slo 
044 |a SK 
245 1 0 |a Analýza dopytu po finančných službách v závislosti od príjmu domácností  |c Jana Budayová, Vladimír Bolek, Rastislav Šupšák 
520 |a Analýza hraničného sklonu k spotrebe finančných služieb. Vplyv zmeny príjmu prednostu domácnosti na výdavky spojené s finančnými službami. Implementovanie poznatkov o Engelovej výdavkovej krivke a určenie vývoja podielu výdavkov na finančné služby na celkových výdavkoch prednostu domácnosti. 
610 2 0 |a príjmy domácností 
610 2 0 |a služby finančné 
610 2 0 |a výdavky 
610 2 0 |a analýzy 
610 2 0 |a modely ekonomické 
100 1 |a Budayová, Jana 
700 1 |a Bolek, Vladimír, 1988- 
700 1 |a Šupšák, Rastislav, 1988-